[Event "Binacional Navidad Sandona III"]
[Site "Tomas de Aquino"]
[Date "2014.11.22"]
[Round "5.2"]
[White "Yandun, Dario"]
[Black "Guayara Diaz, William Alonso"]
[Result "0-1"]
[WhiteElo "1763"]
[BlackElo "1658"]
[PlyCount "96"]
[EventDate "2014.11.21"]
[EventType "swiss"]
[EventRounds "6"]
[EventCountry "COL"]
[SourceTitle "EXT 2024"]
[Source "ChessBase"]
[SourceDate "2023.10.10"]
[SourceVersion "1"]
[SourceVersionDate "2023.10.10"]
[SourceQuality "1"]

1. c4 Nf6 2. Nc3 d6 3. g3 g6 4. Bg2 Bg7 5. e3 0-0 6. Nge2 e5 7. 0-0 c6 8. b3 Be6 9. d4 Qd7 10. Bb2 Bh3 11. Qc2 Bxg2 12. Kxg2 Na6 13. a3 Qc7 14. f4 Ng4 15. Qd2 exd4 16. Nxd4 Nc5 17. Qe2 Nh6 18. b4 Nd7 19. Rad1 Rfe8 20. Qf3 Nb6 21. c5 dxc5 22. bxc5 Nd7 23. Nb3 a5 24. a4 f5 25. h3 Re7 26. Rf2 Rae8 27. Rd3 Nf6 28. Nd1 Ne4 29. Rc2 Nf7 30. Bxg7 Kxg7 31. Nb2 Nd8 32. Nc4 Nf7 33. g4 Kh8 34. g5 h6 35. gxh6 Kh7 36. Rc1 Kxh6 37. Rcd1 Kg7 38. Nd6 Rh8 39. Qe2 Rh5 40. Nxf7 Kxf7 41. Rd4 Rh7 42. Qc4+ Kg7 43. Nd2 Nf6 44. Qd3 Nd5 45. Nc4 Re8 46. Nd6 Rxe3 47. Rxd5 Rxd3 48. R5xd3 Kh6 0-1

[Event "Binacional Navidad Sandona III"]
[Site "Tomas de Aquino"]
[Date "2014.11.22"]
[Round "3.4"]
[White "Yandun, Dario"]
[Black "Yela Mayag, Brayan Steven"]
[Result "1-0"]
[WhiteElo "1763"]
[BlackElo "1624"]
[PlyCount "45"]
[EventDate "2014.11.21"]
[EventType "swiss"]
[EventRounds "6"]
[EventCountry "COL"]
[SourceTitle "EXT 2024"]
[Source "ChessBase"]
[SourceDate "2023.10.10"]
[SourceVersion "1"]
[SourceVersionDate "2023.10.10"]
[SourceQuality "1"]

1. c4 e5 2. Nc3 Nf6 3. g3 c6 4. Bg2 g6 5. e3 Bg7 6. Nge2 0-0 7. 0-0 d5 8. cxd5 cxd5 9. d4 e4 10. Qb3 b6 11. Nf4 Bb7 12. Bd2 Qd7 13. Rfc1 Bh6 14. Bh3 Qd8 15. Nb5 Na6 16. a4 g5 17. Ne2 Bc8 18. Bg2 Be6 19. Rc2 Ne8 20. Rac1 Nd6 21. Nxd6 Qxd6 22. Qb5 Bc8 23. Rc6 1-0